| 000 | 00569cam a22001934a 4500 | ||
|---|---|---|---|
| 005 | 20250605164409.0 | ||
| 008 | 250528s ||||||||||||||||||||||||d | ||
| 035 | _a24956 | ||
| 020 | _a9602780762 | ||
| 040 |
_aGR-AtMCL _bgre _dGR-AtMCL _eAACR2 |
||
| 245 | 1 | _aΒασικές Αρχές της Βιομηχανικής των Αθλητικών Κινήσεων | |
| 300 | _a184 | ||
| 700 | 1 |
_aWolfgang Baumann _99691 |
|
| 700 | 1 |
_aΠαπαδόπουλος Χρήστος _99692 |
|
| 942 | _cBK | ||
| 260 | _bAllyn And Bacon | ||
| 999 |
_c9777 _d9777 |
||